000 00479nam a2200157 i 4500
001 82342
003 ES-MaACL
005 20230906174646.0
007 t|
008 041110s1963 sp ||||1| cat d
100 1 _aIglésies, Josep.
_965146
245 1 0 _aMossen norbert Font i Sagué
_b: (l'introductor de l'Espeleologia a Catalunya) /
_cJosep Iglésies.
260 _aBarcelona :
_bRafael Dalmau,
_c[1963]
300 _a63 p. ;
_c17 cm.
852 _aES-MaACL
_jC-24714
_bR.53081
999 _c82342
_d82342